Statistics for Countries by Clue #5

Click here to take the quiz!

General Stats

  • This quiz has been taken 27,817 times
  • The average score is 11 of 20

Answer Stats

CluesCountry% Correct
Tapas, Flamenco, SiestaSpain
96%
St. Peter's, Swiss Guard, ConclaveVatican City
79%
Khmer, Angkor, KoupreyCambodia
68%
Zaire, Bonobos, Diamond MinesD.R. Congo
67%
Al Jazeera, 2022 World Cup,
80% Expatriates
Qatar
66%
Indochina, Aung San Suu Kyi,
Irrawaddy River
Myanmar
62%
Tesla, Balkans, Novak DjokovicSerbia
62%
Strait of Malacca, Batu Caves,
Petronas Towers
Malaysia
59%
Birthplace of Humanity, Abyssinia,
Ark of the Covenant?
Ethiopia
54%
First World Cup, Río de la Plata, AsadoUruguay
54%
Sharjah, Indoor Ski Slope, Ferrari WorldUnited Arab
Emirates
54%
Rhodesia, Victoria Falls, Shona LanguageZimbabwe
54%
Mayans, Volcán de Fuego, QuetzalGuatemala
44%
Kofi Annan, Gold Coast, FufuGhana
40%
Caucasus, Batumi, Khvantchkara WineGeorgia
40%
Freshwater Sharks, Daniel Ortega,
Mesoamerica
Nicaragua
39%
Country Code .dz, Berbers, MaghrebAlgeria
36%
Cher's Ancestry, Capital founded 782 BC,
Last Names end in "ian"
Armenia
35%
Juche, Mass Games, Hermit KingdomNorth Korea
33%
Tiny Island, Phosphate Mining,
World's Richest Country in Late 60's
Nauru
21%

Score Distribution

Percentile by Number Answered

Percent of People with Each Score

Your Score History

You have not taken this quiz